000
00369nam a2200169Ia 4500
003
0STCL
008
150530s9999 xx 000 0 und d
040
_a
STCL
_c
STCL
100
_a
Susheel Kumar
245
_a
Mahakavi Kalidas
260
_b
Umesh Prakashan
_c
1988
300
_a
0
546
_a
Hindi
942
_2
ddc
_c
BK
999
_c
65463
_d
65463
005
20220125171306.0